ARRUPE JESUIT UNIVERSITY

CORONAVIRUS -STOP THE SPREAD - CLEAN,DISINFECT,COVER

Historic buildings of Harare, 1890-1940 / (Record no. 131807)

MARC details
000 -LEADER
fixed length control field 00953cam a2200289 a 4500
001 - CONTROL NUMBER
control field 3381201
003 - CONTROL NUMBER IDENTIFIER
control field ARRUPE
005 - DATE AND TIME OF LATEST TRANSACTION
control field 20240216100244.0
008 - FIXED-LENGTH DATA ELEMENTS--GENERAL INFORMATION
fixed length control field 881110s1986 rh a bc 001 0 eng
010 ## - LIBRARY OF CONGRESS CONTROL NUMBER
LC control number 87980526
020 ## - INTERNATIONAL STANDARD BOOK NUMBER
International Standard Book Number 0908306032 (pbk.)
020 ## - INTERNATIONAL STANDARD BOOK NUMBER
International Standard Book Number 0908306024 (hard)
040 ## - CATALOGING SOURCE
Original cataloging agency DLC
Transcribing agency DLC
Modifying agency DLC
043 ## - GEOGRAPHIC AREA CODE
Geographic area code f-rh---
050 00 - LIBRARY OF CONGRESS CALL NUMBER
Classification number NA1596.6.R52
Item number H375 1986
082 00 - DEWEY DECIMAL CLASSIFICATION NUMBER
Classification number 720/.96891
Edition number 19
300 ## - PHYSICAL DESCRIPTION
Other physical details ill. ;
Dimensions 22 cm.
100 1# - MAIN ENTRY--PERSONAL NAME
Personal name Jackson, Peter,
Dates associated with a name 1949-
9 (RLIN) 52470
245 10 - TITLE STATEMENT
Title Historic buildings of Harare, 1890-1940 /
Statement of responsibility, etc Peter Jackson ; photographs by Neils Lassen.
260 ## - PUBLICATION, DISTRIBUTION, ETC. (IMPRINT)
Place of publication, distribution, etc Harare, Zimbabwe :
Name of publisher, distributor, etc Quest Pub.,
Date of publication, distribution, etc 1986.
300 ## - PHYSICAL DESCRIPTION
Extent x, 134 p. :
500 ## - GENERAL NOTE
General note Includes index.
504 ## - BIBLIOGRAPHY, ETC. NOTE
Bibliography, etc Bibliography: p. 130.
650 #0 - SUBJECT ADDED ENTRY--TOPICAL TERM
Topical term or geographic name as entry element Architecture
Geographic subdivision Zimbabwe
-- Harare
Form subdivision Catalogs.
9 (RLIN) 52471
651 #0 - SUBJECT ADDED ENTRY--GEOGRAPHIC NAME
Geographic name Harare (Zimbabwe)
General subdivision Buildings, structures, etc.
Form subdivision Catalogs.
9 (RLIN) 52472
906 ## - LOCAL DATA ELEMENT F, LDF (RLIN)
a 7
b cbc
c orignew
d 3
e ncip
f 19
g y-gencatlg
942 ## - ADDED ENTRY ELEMENTS (KOHA)
Source of classification or shelving scheme Library of Congress Classification
Koha item type Monograph ( Printed materials)
Holdings
Withdrawn status Lost status Source of classification or shelving scheme Damaged status Not for loan Collection code Home library Current library Shelving location Date acquired Total Checkouts Full call number Barcode Date last seen Price effective from Koha item type
    Library of Congress Classification     Main Collection ARRUPE LIBRARY ARRUPE LIBRARY Main Collection 16/02/2024   NA1596.6.R52 H375 1986 46700000348 16/02/2024 16/02/2024 Monograph ( Printed materials)

 

Arrupe Library. PO Box MP320 Mt Pleasant, Harare, Zimbabwe
263 242 745411|librarian@aju.ac.zw